La certeza del derecho vinculada a la verdad y la justicia. Reflexión utriusque iuris sobre su manifestación en el derecho procesal canónico.

Enregistré dans:
Détails bibliographiques
Auteur principal: Cerdá Donat, María Teresa (autora)
Format: Livre
Publié: Murcia, España: Ediciones Laborum, 2022.
Édition:1ª edición.
Collection:Colección Tesis Doctorales
Colección Derecho Canónico
Sujets:
Tags: Ajouter un tag
Pas de tags, Soyez le premier à ajouter un tag!

MARC

LEADER 00000nam a22000007a 4500
003 CL-VaPUC
005 20250103100420.0
008 220921t2022 ||||| |||| 00| 0 eng d
999 |c 438906  |d 438904 
020 |a 978-84-19145-10-9 
040 |c Pontificia Universidad Católica de Valparaíso 
082 |2 22  |a 262.9 CER 2022 
100 1 |a Cerdá Donat, María Teresa  |e autora  |9 876857 
245 |a La certeza del derecho vinculada a la verdad y la justicia.  |b Reflexión utriusque iuris sobre su manifestación en el derecho procesal canónico. 
250 |a 1ª edición. 
260 |a Murcia, España:  |b Ediciones Laborum,  |c 2022. 
300 |a 356 páginas. 
490 |a Colección Tesis Doctorales  |n  3.; 
490 |a Colección Derecho Canónico 
500 |a c1. Donación de la Dirección. Memo DER 033. 12/09/2022 
500 |a - Tesis doctoral examinada y aprobada conforme a los Estatutos de la Facultad de Derecho Canónico integrada en la Universidad Católica de Valencia "San Vicente Mártir". 
583 |c 20220921  |k Catalogador Asistente 
650 0 |9 476272  |a Derecho procesal canónico   |x Seguridad jurídica  
650 0 |9 255050  |a Filosofía del derecho   |x Verdad y justicia  
650 0 |a Iglesia Católica  |x Procedimiento civil   |9 256114 
650 0 |9 329259  |a Certeza  |x Derecho 
942 |2 ddc  |c BK 
952 |0 0  |1 0  |2 ddc  |4 0  |6 262_900000000000000_CER_2022  |7 0  |8 A  |9 586771  |a BIBDER  |b BIBDER  |c GEN  |d 2022-09-21  |e Donación  |i 5654757  |o 262.9 CER 2022  |p 5654757  |r 2023-01-25  |t 1  |w 2022-09-21  |y BK  |k DER